| 000 | 00576nam a2200181 i 4500 | ||
|---|---|---|---|
| 001 | 117909 | ||
| 003 | ES-MaACL | ||
| 005 | 20250728181658.0 | ||
| 007 | t| | ||
| 008 | 070214s1902 fr r ||||1| fre d | ||
| 100 | 1 |
_aPapus. _988891 |
|
| 245 | 1 | 2 |
_aL'illuminisme en France, 1771-1803 _b: Louis-Claude de Saint-Martin / _cpar Papus. |
| 260 |
_aParis : _bLib. Générale des Sciences Occultes, _c1902. |
||
| 300 |
_a271 p., 4 lám. pleg. ; _c19 cm. |
||
| 600 | 1 | 4 |
_aSaint-Martin, Louis-Claude de, _d1743-1803 _9101539 |
| 852 |
_aES-MaACL _jD-2116 |
||
| 999 |
_c117909 _d117909 |
||